MARC

LEADER 00000nam0a2200000 4500
001 283780
005 20231101235630.0
035 |a (RuTPU)RU\TPU\book\307910 
090 |a 283780 
100 |a 20150210d1984 k y0rusy50 ca 
101 0 |a rus 
102 |a KZ 
105 |a a z 001zy 
200 1 |a Синтез и исследование комплексообразующих ионитов  |e сборник научных трудов  |f Казахский государственный университет (КазГУ) ; под ред. Е. Е. Ергожина 
210 |a Алма-Ата  |c Изд-во Казахского гос. ун-та  |d 1984 
215 |a 103 с.  |c ил. 
320 |a Библиография в конце статей 
606 1 |a Иониты  |x Комплексобразующие свойства  |2 stltpush  |3 (RuTPU)RU\TPU\subj\31965  |9 54669 
610 1 |a химическая технология 
610 1 |a синтез 
610 1 |a ионнообменные технологии 
610 1 |a ионнообменные материалы 
610 1 |a применение 
610 1 |a гидрометаллургия 
610 1 |a сельское хозяйство 
610 1 |a водоподготовка 
675 |a 661.183.1  |v 3 
702 1 |a Ергожин  |b Е. Е.  |4 340 
712 0 2 |a Казахский государственный университет (КазГУ)  |c (Алма-Ата)  |2 stltpush  |3 (RuTPU)RU\TPU\col\8922 
801 1 |a RU  |b 63413507  |c 20150210 
801 2 |a RU  |b 63413507  |c 20170912  |g RCR 
942 |c BK